000 00754nam a2200217Ia 4500
003 GCL
008 140319s9999 xx 000 0 ara d
040 _aGCL /
_cGCL
082 0 4 _a604.2
_bم ر
100 1 _aمحيى الدين القشلان
245 1 0 _aالرسم الهندسى وانشاء المعدات الميكانيكية و الكهربية /
_cمحيى الدين القشلان
260 _a[S.N] :
_bدار الراتب الجامعية
300 _a50 ص
490 _a
650 0 4 _aالهندسة الميكانيكية
650 0 4 _aالمواصفات القياسية
650 0 4 _aالرسم الهندسى
650 0 4 _aالهندسة الكهربية
650 0 4 _aالرسم الميكانيكى
942 _2ddc
_cBK
999 _c36476
_d36476